| 000 | 00980nam a22002657a 4500 | ||
|---|---|---|---|
| 999 |
_c64581 _d64581 |
||
| 005 | 20240530110739.0 | ||
| 008 | 180910s1987 ua g b 000 0 ara d | ||
| 017 | _a1985/7654 | ||
| 020 | _a9771420399 | ||
| 040 |
_aEG-CaGPL _cEG-CaGPL |
||
| 082 | 0 | 4 |
_221 _a210.92 / _bج إ |
| 100 | 0 |
_aجابر رزق _bمعد ومقدم |
|
| 245 | 1 | 2 |
_aالامام الشهيد حسن البنا باقلام تلاميزه ومعاصريه / _cاعداد وتقديم جابر رزق |
| 250 | _aط.2 | ||
| 260 |
_aالقاهرة : _bدار الوفاء لدنيا الطباعة و النشر ، _c1987 |
||
| 300 |
_a224 ص. ؛ _c24 سم. |
||
| 504 | _aيشتمل على ارجاعات ببليوجرافية | ||
| 600 | 0 | _aحسن البنا | |
| 650 | 0 | 7 |
_2qrmak _aالوعظ والارشاد |
| 650 | 0 | 7 |
_2qrmak _aالاخوان المسلمون |
| 650 | 0 | 7 |
_2qrmak _aالاسلام _xدعوة |
| 651 | _2qrmak | ||
| 942 |
_2ddc _cBK |
||